=LDR 00000nam 2200000 4500 =001 NUTBA000000000001508 =005 20140430115225.0 =006 =007 =008 =020 ##$$a 978-979-22-7502-5 =035 ##$$a 0010-041400000000778 =082 ##$$2 813 =090 ##$$a 813 Mos s =100 ##$$a Mostert Natasha =245 ##$$a Season Of The Witch. Jerat - Jerat Sihir =260 ##$$a Jakarta $b Gramedia $c 2011 =300 ##$$a 536 hlm $c 20 cm =850 ##$$a NBPNMAT =990 ##$$a 21195589/BPAP-NTB/2014 =990 ##$$a 0001/BPAP-NTB/20142014